| 000 | 00466nam a2200109Ia 4500 | ||
|---|---|---|---|
| 008 | 160712s9999 xx 000 0 und d | ||
| 100 | _aDalisay, Jose Jr. | ||
| 245 |
_cJose Dalisay, Jr. _aWhy We Don’t Write More Novels, But Should (The Challenge to the Filipino Fictionist) |
||
| 260 |
_c2015 _bJournal of English Studies and Comparative Literature |
||
| 650 | _xLITERATURE | ||
| 856 | _uhttp://journals.upd.edu.ph/index.php/jescl/issue/view/Special%20Edition/showToc | ||
| 999 |
_c297078 _d297078 |
||